| 000 | 00885nam a2200217Ia 4500 | ||
|---|---|---|---|
| 001 | 17655 | ||
| 003 | GE_BSU | ||
| 008 | 181216s||||||||xx |||||||||||||| ||und|| | ||
| 040 | _cGE_BSU | ||
| 080 | _a696/697(035.5) | ||
| 100 | _aБогословский,В.Н. Кольев,С.Ф. Друскин,Л.И. и др. | ||
| 245 | _aСправочник проектировщика.Внутренние санитарно-технические устроиства. В 2-х ч. Часть 1: Отопление, водопровод, канализация. | ||
| 245 | _cПод ред. И.Г.Староверова. | ||
| 250 | _aИзд. третье, перераб. и дополн. | ||
| 260 | _aМ. | ||
| 260 | _bСройиздат. | ||
| 260 | _c1976. | ||
| 300 | _a429 стр. с илл. 27 см. | ||
| 653 | _aСправочник проектировщика. | ||
| 942 | _cBK | ||
| 999 |
_c50704 _d50704 |
||